Представление документа в формате MARC21

ПолеНазваниеЗначение
  Тип записи a
  Библиографический уровень m
001 Контрольный номер RU\infra-m\znanium\bibl\2236172
005 Дата корректировки 20260429142226.6
008 Кодируемые данные 251204s2025 RU g rus u
020 Индекс ISBN __
a ISBN 978-5-16-014817-5
020 Индекс ISBN __
a ISBN 978-5-16-107326-1 (электр. издание)
040 Источник каталогиз. __
a Служба первич. каталог. Общество с ограниченной ответственностью «ЗНАНИУМ»
041 Код языка издания __
a Код языка текста rus
044 Код страны публикации __
a Код страны публикации RU
080 Индекс УДК __
a Индекс УДК 514.18(075.32)
084 Индекс другой классификации/Индекс ББК __
2 Источник индекса rubbk
a Индекс другой классификации/Индекс ББК 22.151.3я723
084 Индекс другой классификации/Индекс ББК __
2 Источник индекса okso
a Индекс другой классификации/Индекс ББК 00.02.31
084 Индекс другой классификации/Индекс ББК __
2 Источник индекса okso
a Индекс другой классификации/Индекс ББК 08.02.01
084 Индекс другой классификации/Индекс ББК __
2 Источник индекса okso
a Индекс другой классификации/Индекс ББК 09.02.01
084 Индекс другой классификации/Индекс ББК __
2 Источник индекса okso
a Индекс другой классификации/Индекс ББК 12.01.09
084 Индекс другой классификации/Индекс ББК __
2 Источник индекса okso
a Индекс другой классификации/Индекс ББК 12.02.09
084 Индекс другой классификации/Индекс ББК __
2 Источник индекса okso
a Индекс другой классификации/Индекс ББК 15.01.22
084 Индекс другой классификации/Индекс ББК __
2 Источник индекса okso
a Индекс другой классификации/Индекс ББК 15.02.16
084 Индекс другой классификации/Индекс ББК __
2 Источник индекса okso
a Индекс другой классификации/Индекс ББК 24.02.01
084 Индекс другой классификации/Индекс ББК __
2 Источник индекса okso
a Индекс другой классификации/Индекс ББК 24.02.02
084 Индекс другой классификации/Индекс ББК __
2 Источник индекса okso
a Индекс другой классификации/Индекс ББК 25.02.06
084 Индекс другой классификации/Индекс ББК __
2 Источник индекса okso
a Индекс другой классификации/Индекс ББК 26.02.02
084 Индекс другой классификации/Индекс ББК __
2 Источник индекса okso
a Индекс другой классификации/Индекс ББК 26.02.04
100 Автор __
a Автор Буланже Г.В.
q Полное имя Буланже Градислава Владимировна
u Дополнение Московский государственный технологический университет "Станкин"
245 Заглавие __
a Заглавие Инженерная графика
b Продолж. заглавия Учебник
c Ответственность Московский государственный технологический университет "Станкин"; Московский государственный технологический университет "Станкин", ф-л Егорьевский технологический ин; Московский государственный технологический университет "Станкин"
250 Сведения об издании __
a Основные сведения об издании 1
260 Выходные данные __
a Место издания Москва
b Издательство ООО "Научно-издательский центр ИНФРА-М"
c Дата издания 2026
300 Физическое описание __
a Объем 381 с.
440 Серия __
a Серия Среднее профессиональное образование
520 Аннотация __
a Аннотация В простой и доступной форме изложены теоретические положения начертательной геометрии — фундаментальной основы общетехнического образования. На примерах простых геометрических тел приведена методика построения рабочих чертежей. Для облегчения понимания содержания курса он дополнен наглядными изображениями указанием последовательности построений. В курсе проекционного черчения рассмотрены основные виды приведены примеры построения разверток и наклонных сечений. В разделе машиностроительного черчения рассмотрены стандартные детали резьба резьбовые соединения. На примерах основных типов оригинальных деталей изложены о сновы построения рабочих чертежей. Приведены сведения по стандартам ЕСКД разобраны разъемные и неразъемные соединения. Содержит сведения о построении и чтении машиностроительных чертежей. Кратко разобраны понятия о размерных цепях и базах. Рассмотрены основные требования к чертежам и эскизам. Приведены ссылки на ГОСТы (измененные и действующие в настоящее время). Соответствует требованиям федеральных государственных образовательных стандартов среднего профессионального образования последнего поколения. Для студентов учреждений среднего профессионального отразования обучающихся по техническим специальностям а также всех интересующихся вопросами начертательной геометрии и инженерной графики.
521 Примеч. о цел. назн. __
a Примеч. о целев. назн. Среднее профессиональное образование
650 Тематические рубрики __
a Основная рубрика Общетехнические дисциплины
x Основная подрубрика Инженерная графика. Техническое рисование
655 Указ. предметных рубрик (устаревшее) __
a Жанр/ форма (устаревшее) Учебник
700 Другие авторы __
a Другие авторы Гончарова В.А.
q Полное имя Гончарова Вера Алексеевна
u Дополнение Московский государственный технологический университет "Станкин", ф-л Егорьевский технологический ин
700 Другие авторы __
a Другие авторы Гущин И. А.
q Полное имя Гущин Игорь Александрович
u Дополнение Московский государственный технологический университет "Станкин"
700 Другие авторы __
a Другие авторы Молокова Т.С.
q Полное имя Молокова Татьяна Сергеевна
u Дополнение Министерство экономического развития Российской Федерации
856 Электронный адрес документа 4_
a Имя сервера/домена znanium.ru
m Помощь ebs_support@infra-m.ru
n Местонахождение сервера НИЦ ИНФРА-М
u URL https://znanium.ru/catalog/document?id=474359
856 Электронный адрес документа 48
a Имя сервера/домена znanium.ru
d Путь /cover/2236
f Электронное имя 2236172.jpg
q Тип электронного формата image/jpeg
u URL https://znanium.ru/cover/2236/2236172.jpg
911 __
u 0030=https://znanium.ru/catalog/document?id=474359
911 __
u 712a=Московский государственный технологический университет "Станкин", ф-л Егорьевский технологический ин
911 __
u 712a=Московский государственный технологический университет "Станкин"